[Event "FIDE Womens World Cup 2021"]
[Site "Sochi"]
[Date "2021.07.24"]
[Round "4.3"]
[White "Assaubayeva, Bibisara"]
[Black "Lagno, Kateryna"]
[Result "0-1"]
[WhiteElo "2389"]
[BlackElo "2559"]
[Annotator "TA"]
[PlyCount "214"]
[EventDate "2021.07.12"]
[EventType "k.o."]
[EventCountry "RUS"]
[SourceTitle "playchess.com"]
[Source "ChessBase"]
[SourceQuality "1"]

{[%evp 9,214,27,28,29,40,18,27,18,34,16,16,25,37,41,40,20,32,37,42,-1,-11,-3,-9,-64,-63,-65,-68,-33,-42,-39,-25,-23,-22,-31,0,-53,-43,-37,0,-149,-148,-139,-128,-128,-86,-223,-226,-241,-241,-319,-315,-300,-291,-316,-266,-259,-256,-484,-487,-529,-592,-592,-587,-586,-531,-455,-286,-192,-193,-343,-322,-586,-556,-453,-277,-584,-602,-1966,-1712,-1758,-1739,-1221,-1221,-29981,-12823,-29982,-29983,-29983,-29982,-29983,-29981,-29982,-29983,-29982,-29982,-29983,-29984,-29981,-29981,-29983,-29982,-29982,-29983,-29983,-29984,-29984,-29985,-29985,-29986,-29986,-29987,-29987,-29988,-29988,-29989,-29990,-29991,-29991,-29988,-29988,-29989,-29989,-29988,-29992,-29986,-29987,-29983,-29989,-29990,-29990,-29986,-29986,-29985,-29985,-29983,-29984,-29985,-29985,-29985,-29986,-29981,-29981,-29981,-29984,-29981,-29982,-29983,-29985,-29984,-29984,-29985,-29986,-29984,-29986,-29983,-29986,-29987,-29987,-29985,-29985,-29986,-29985,-29986,-29987,-29970,-29987,-29988,-29989,-29988,-29989,-29990,-29992,-29989,-29990,-29991,-29991,-29956,-29991,0,-29991,-29988,-29989,-29988,-29988,-29989,-29989,-29978,-29989,-29990,-29990,-29991,-29991,-29969,-29992,-29993,-29993,-404,-29994,-86,-404,0,-29994,-29995,-29996,-29997,-29997,-383]} 1. d4 Nf6 2. c4 g6 3. f3 c5 4. d5 d6 5. e4 e6 6. Nc3 {E60: King's Indian: Unusual lines and Fianchetto Variation without Nc3.} Bg7 7. Nge2 exd5 8. cxd5 {White has an edge.} (8. Nxd5 Nxd5 9. cxd5 (9. exd5 Qh4+ 10. g3 Qxc4 $17) (9. Qxd5 Nc6 $15) 9... O-O $15) 8... a6 9. a4 Nbd7 10. Ng3 Nh5 $5 {[%mdl 4] An interesting side line.} 11. Nxh5 gxh5 12. Be3 {[#]} f5 $146 ({Predecessor:} 12... O-O 13. Qd2 f5 14. Be2 fxe4 15. Nxe4 Nf6 16. Ng5 Re8 17. O-O Qe7 18. Ra3 Bd7 {1-0 (37) Korobov,A (2686)-Erdos,V (2612) Skopje 2019}) 13. Be2 O-O 14. exf5 Ne5 15. O-O Bxf5 16. Ne4 (16. a5 $11) 16... Bxe4 $15 17. fxe4 Qh4 18. Qc2 Ng4 19. Bxg4 Qxg4 20. Rxf8+ Rxf8 21. Rf1 Re8 22. Bf4 ({White should try} 22. Rf4 $11 Qg5 23. b3 (23. Rf8+ $2 Rxf8 24. Bxg5 Bd4+ 25. Qf2 Rxf2 $19)) 22... Bd4+ 23. Kh1 Rf8 24. g3 (24. h3 $11 {was the only way to keep the balance.} Qg6 25. Qe2) 24... h4 $40 {[%mdl 128] aiming for ...hxg3. Black has strong attack.} 25. Qd1 Qg6 26. Qe2 h3 27. Re1 {[#]} (27. a5 $17 {was the only defense.}) 27... b5 $1 $19 28. axb5 axb5 29. b3 h5 30. Qf3 Re8 31. Qd3 Kh7 32. Qf3 {White wants to play Bxd6!} ({Avoid the trap} 32. Qxb5 $2 Rxe4 33. Qd7+ Bg7 $19) 32... Re7 33. Qd3 (33. Bxd6 Qxd6 34. Qxh5+ Qh6 35. Qg4) 33... b4 34. Qf3 Bc3 35. Rf1 Qxe4 36. Qxe4+ Rxe4 37. Bxd6 {[%mdl 4096] Endgame KRB-KRB} Rd4 38. Bxc5 Rxd5 39. Be7 (39. Be3 {was necessary.}) 39... Rd2 40. Rb1 $2 (40. g4 {was forced.}) 40... Kg6 41. Bc5 Re2 42. Rg1 $2 (42. Kg1) 42... Rb2 43. Bd6 Kf5 44. Rf1+ Ke6 45. Bc5 Rxb3 46. Bxb4 Bxb4 {KRB-KR} 47. Rg1 Bc5 48. Re1+ Kf5 49. Rf1+ Kg6 50. Rc1 {[#]} Rb2 $1 51. Ra1 (51. Re1 h4) 51... Bd4 52. Rd1 Be5 53. Re1 Bb8 54. Rg1 Kf5 55. Rf1+ Kg4 56. Ra1 h4 57. Ra4+ Kf3 {[%cal Rb2b1]} 58. Ra3+ Kf2 {[%cal Rb2b1]} 59. Ra1 hxg3 60. hxg3 Kxg3 61. Ra3+ Kg4 {[%cal Rb2b1]} 62. Ra4+ Bf4 {[%cal Rb2b1]} 63. Ra1 Rc2 64. Rg1+ Bg3 {[%csl Gg3][%cal Rc2h2]} 65. Rb1 Re2 66. Ra1 Re3 67. Rb1 Be1 68. Rb7 Bc3 69. Rb1 Be5 70. Rg1+ Kf3 71. Rf1+ Ke2 72. Rb1 Rd3 73. Rc1 Rb3 74. Rc2+ Kd1 75. Rf2 Ke1 76. Rf5 Re3 77. Rf7 Ke2 78. Rb7 Ra3 79. Rb1 Ra2 80. Rc1 Rb2 81. Ra1 Rc2 82. Rb1 Kf3 83. Rf1+ Kg4 84. Rg1+ Kf5 {[%csl Ge5][%cal Rc2h2]} 85. Rf1+ Bf4 86. Rb1 Bc1 87. Rb5+ Kg4 88. Rb4+ Kf3 89. Rb7 Bf4 {[%cal Rc2c1]} 90. Rb1 Be3 91. Rf1+ Kg4 (91... Kg3 92. Rf3+ Kg4 93. Rxe3 $11) 92. Re1 Bc5 93. Rf1 Be3 (93... Kg3 94. Rf3+ Kg4 95. Rf4+ Kg5 96. Rf5+ Kg6 97. Rf6+ Kg5 98. Rf5+ Kg6 99. Rf6+ Kg5 100. Rf5+ $15) 94. Re1 Rc3 95. Rf1 Kg3 96. Re1 Rb3 97. Rf1 Bf4 (97... Rb2 98. Rf3+ Kg4 99. Rxe3 $11) 98. Rd1 Rb2 99. Rd3+ Kg4 100. Rd1 Rh2+ 101. Kg1 Re2 102. Kh1 Be3 {( -> ...Kg3)} 103. Rf1 (103. Rd4+ $19 Kf3 104. Rg4 Re1+ 105. Kh2 Bf4+ 106. Rxf4+ Kxf4 107. Kxh3 Re2 108. Kh4 Rh2#) 103... Kg5 $2 ({Weaker is} 103... Kg3 104. Rf3+ Kg4 105. Rg3+ Kf4 106. Rf3+ Ke4 107. Rxh3 $15) (103... Kh4 {mates} 104. Rf3 Re1+ 105. Kh2 Bg1+ 106. Kh1 Bd4+ 107. Rf1 Rxf1+ 108. Kh2 Be5#) 104. Rf3 $2 {[%mdl 8192]} (104. Rf5+ $17 {was the crucial defense.} Kg4 105. Rf1 Kh4 106. Rf3 Re1+ 107. Kh2 Bg1+ 108. Kh1 Bd4+ 109. Rf1 Rxf1+ 110. Kh2 Be5#) 104... Kg4 105. Rf1 Kh4 {Black mates.} ({Not} 105... Kg3 106. Rf3+ Kg4 107. Rg3+ Kf4 108. Rf3+ Ke4 109. Rxh3 $15) 106. Rf7 Re1+ 107. Kh2 Bg1+ {Weighted Error Value: White=0.71/Black=0.11} 0-1

[Event "FIDE Womens World Cup 2021"]
[Site "Sochi"]
[Date "2021.07.24"]
[Round "4.4"]
[White "Lagno, Kateryna"]
[Black "Assaubayeva, Bibisara"]
[Result "1/2-1/2"]
[WhiteElo "2559"]
[BlackElo "2389"]
[Annotator "ChessBase"]
[PlyCount "102"]
[EventDate "2021.07.12"]
[EventType "k.o."]
[EventCountry "RUS"]
[SourceTitle "playchess.com"]
[Source "ChessBase"]
[SourceQuality "1"]
[TimeControl "1500+10"]

1. e4 {[%emt 0:00:00]} c5 {[%emt 0:00:01]} 2. Nf3 {[%emt 0:00:02]} d6 {[%emt 0:00:00]} 3. Bb5+ {[%emt 0:00:03]} Nd7 {[%emt 0:00:01]} 4. d4 {[%emt 0:00:01]} cxd4 {[%emt 0:00:02]} 5. Nxd4 {[%emt 0:00:02]} Ngf6 {[%emt 0:00:03]} 6. O-O {[%emt 0:00:03]} a6 {[%emt 0:00:02]} 7. Bd3 {[%emt 0:00:02]} g6 {[%emt 0:00:21]} 8. c4 {[%emt 0:00:12]} Bg7 {[%emt 0:00:02]} 9. Nc3 {[%emt 0:00:23]} O-O {[%emt 0:00:02]} 10. Re1 {[%emt 0:00:30]} Qc7 {[%emt 0:00:36]} 11. Bf1 {[%emt 0:01:03]} e6 {[%emt 0:00:44]} 12. Be3 {[%emt 0:00:42]} b6 {[%emt 0:00:06]} 13. Rc1 {[%emt 0:00:09]} Bb7 {[%emt 0:00:01]} 14. f3 {[%emt 0:00:08]} Rac8 {[%emt 0:00:08]} 15. Qd2 {[%emt 0:00:18]} Rfd8 {[%emt 0:00:16]} 16. Red1 {[%emt 0:00:14]} Qb8 {[%emt 0:00:17]} 17. Qf2 {[%emt 0:00:15]} Ne5 {[%emt 0:01:27]} 18. Na4 {[%emt 0:00:28]} Ba8 {[%emt 0:01:04]} 19. Qh4 {[%emt 0:03:47]} Nfd7 {[%emt 0:01:53]} 20. b3 {[%emt 0:00:16]} Nc5 {[%emt 0:01:14]} 21. Nc3 {[%emt 0:00:06]} Nc6 {[%emt 0:00:53]} 22. Nxc6 {[%emt 0:01:48]} Bxc6 {[%emt 0:00:02]} 23. Bg5 {[%emt 0:06:15]} Rd7 {[%emt 0:00:55]} 24. Bf6 {[%emt 0:01:17]} Bxf6 {[%emt 0:03:18]} 25. Qxf6 {[%emt 0:00:02]} e5 {[%emt 0:00:43]} 26. g3 {[%emt 0:03:04]} Rf8 {[%emt 0:04:56]} 27. Bh3 {[%emt 0:00:34]} Qd8 {[%emt 0:01:26]} 28. Qxd8 {[%emt 0:00:22]} Rdxd8 {[%emt 0:00:01]} 29. Rd2 {[%emt 0:00:51]} f5 {[%emt 0:00:27]} 30. Rcd1 {[%emt 0:00:42]} fxe4 {[%emt 0:02:32]} 31. fxe4 {[%emt 0:01:12]} Rf3 {[%emt 0:01:19]} 32. Rxd6 {[%emt 0:00:26]} Rxd6 {[%emt 0:00:02]} 33. Rxd6 {[%emt 0:00:02]} Rxc3 {[%emt 0:00:12]} 34. Rxc6 {[%emt 0:00:01]} Nxe4 {[%emt 0:00:04]} 35. Be6+ {[%emt 0:00:31]} Kg7 {[%emt 0:00:08]} 36. Bd5 {[%emt 0:00:06]} Rc1+ {[%emt 0:01:14]} 37. Kg2 {[%emt 0:00:03]} Nc3 {[%emt 0:01:26]} 38. Rxb6 {[%emt 0:00:52]} e4 {[%emt 0:00:03]} 39. Re6 {[%emt 0:00:16]} Re1 {[%emt 0:01:00]} 40. h4 {[%emt 0:01:06]} Re2+ {[%emt 0:01:06]} 41. Kg1 {[%emt 0:00:37]} Rxa2 {[%emt 0:01:03]} 42. g4 {[%emt 0:00:22]} Rb2 {[%emt 0:00:45]} 43. g5 {[%emt 0:00:17]} Kf8 {[%emt 0:00:08]} 44. Bxe4 {[%emt 0:00:50]} Rxb3 {[%emt 0:00:12]} 45. c5 {[%emt 0:00:47]} Nxe4 {[%emt 0:00:11]} 46. Rxe4 {[%emt 0:00:01]} Rc3 {[%emt 0:00:09]} 47. Ra4 {[%emt 0:00:11]} Rxc5 {[%emt 0:00:06]} 48. Rxa6 {[%emt 0:00:01]} Rc4 {[%emt 0:00:02]} 49. Ra8+ {[%emt 0:00:02]} Kf7 {[%emt 0:00:09]} 50. Ra7+ {[%emt 0:00:01]} Kg8 {[%emt 0:00:18]} 51. Ra8+ {[%emt 0:00:01]} Kg7 {[%emt 0:00:06]} 1/2-1/2

[Event "FIDE Womens World Cup 2021"]
[Site "Sochi"]
[Date "2021.07.24"]
[Round "4.4"]
[White "Shuvalova, Polina"]
[Black "Dzagnidze, Nana"]
[Result "1-0"]
[WhiteElo "2489"]
[BlackElo "2523"]
[Annotator "ChessBase"]
[PlyCount "61"]
[EventDate "2021.07.12"]
[EventType "k.o."]
[EventCountry "RUS"]
[SourceTitle "playchess.com"]
[Source "ChessBase"]
[SourceQuality "1"]
[TimeControl "1500+10"]

1. e4 {[%emt 0:00:03]} c5 {[%emt 0:00:02]} 2. Nf3 {[%emt 0:00:02]} d6 {[%emt 0:00:01]} 3. d4 {[%emt 0:00:02]} cxd4 {[%emt 0:00:03]} 4. Nxd4 {[%emt 0:00:01]} Nf6 {[%emt 0:00:02]} 5. Nc3 {[%emt 0:00:02]} a6 {[%emt 0:00:02]} 6. g3 {[%emt 0:00:24]} e5 {[%emt 0:00:13]} 7. Nb3 {[%emt 0:00:02]} Be7 {[%emt 0:00:43]} 8. Bg5 {[%emt 0:00:18]} Nbd7 {[%emt 0:00:25]} 9. a4 {[%emt 0:00:04]} b6 {[%emt 0:00:12]} 10. Bc4 {[%emt 0:00:14]} Bb7 {[%emt 0:00:09]} 11. Nd2 {[%emt 0:00:16]} O-O {[%emt 0:00:08]} 12. O-O {[%emt 0:02:11]} Rc8 {[%emt 0:04:06]} 13. Qe2 {[%emt 0:00:12]} Nc5 {[%emt 0:06:31]} 14. Rfd1 {[%emt 0:01:19]} Ne6 {[%emt 0:00:17]} 15. Bxf6 {[%emt 0:00:57]} Bxf6 {[%emt 0:00:09]} 16. Rac1 {[%emt 0:00:12]} Bg5 {[%emt 0:00:11]} 17. Kg2 {[%emt 0:01:49]} b5 {[%emt 0:03:19]} 18. axb5 {[%emt 0:00:53]} axb5 {[%emt 0:00:01]} 19. Nxb5 {[%emt 0:01:14]} Bxd2 {[%emt 0:02:33]} 20. Rxd2 {[%emt 0:00:48]} Rxc4 {[%emt 0:02:15]} 21. Qxc4 {[%emt 0:01:16]} Qg5 {[%emt 0:00:02]} 22. Rcd1 {[%emt 0:00:55]} Qg4 {[%emt 0:00:12]} 23. Nxd6 {[%emt 0:03:49]} Nf4+ {[%emt 0:04:25]} 24. Kg1 {[%emt 0:00:07]} Ba8 {[%emt 0:01:06]} 25. Nxf7 {[%emt 0:03:18]} Bd5 {[%emt 0:01:03]} 26. Rxd5 {[%emt 0:01:14]} Nh3+ {[%emt 0:00:28]} 27. Kg2 {[%emt 0:01:47]} Nf4+ {[%emt 0:00:09]} 28. Kf1 {[%emt 0:00:33]} Qh3+ {[%emt 0:00:13]} 29. Ke1 {[%emt 0:00:02]} Ng2+ {[%emt 0:00:05]} 30. Kd2 {[%emt 0:00:06]} Qe6 {[%emt 0:00:43]} 31. Ng5 1-0

[Event "FIDE Womens World Cup 2021"]
[Site "Sochi"]
[Date "2021.07.24"]
[Round "4.4"]
[White "Kashlinskaya, Alina"]
[Black "Saduakassova, Dinara"]
[Result "1-0"]
[WhiteElo "2488"]
[BlackElo "2483"]
[Annotator "ChessBase"]
[PlyCount "85"]
[EventDate "2021.07.12"]
[EventType "k.o."]
[EventCountry "RUS"]
[SourceTitle "playchess.com"]
[Source "ChessBase"]
[SourceQuality "1"]
[TimeControl "1500+10"]

1. d4 {[%emt 0:00:01]} Nf6 {[%emt 0:00:02]} 2. c4 {[%emt 0:00:01]} e6 {[%emt 0:00:01]} 3. Nc3 {[%emt 0:00:02]} Bb4 {[%emt 0:00:01]} 4. Qc2 {[%emt 0:00:01]} d5 {[%emt 0:00:05]} 5. a3 {[%emt 0:00:01]} Bxc3+ {[%emt 0:00:18]} 6. Qxc3 {[%emt 0:00:02]} Ne4 {[%emt 0:00:20]} 7. Qc2 {[%emt 0:00:02]} c5 {[%emt 0:00:06]} 8. dxc5 {[%emt 0:00:05]} Nc6 {[%emt 0:00:34]} 9. Nf3 {[%emt 0:00:08]} Qa5+ {[%emt 0:01:46]} 10. Bd2 {[%emt 0:00:03]} Qxc5 {[%emt 0:01:38]} 11. e3 {[%emt 0:00:08]} Nxd2 {[%emt 0:00:57]} 12. Nxd2 {[%emt 0:00:02]} h6 {[%emt 0:01:54]} 13. b4 {[%emt 0:03:22]} Qe7 {[%emt 0:00:02]} 14. Be2 {[%emt 0:00:10]} d4 {[%emt 0:01:42]} 15. e4 {[%emt 0:01:56]} e5 {[%emt 0:00:42]} 16. c5 {[%emt 0:00:15]} O-O {[%emt 0:00:52]} 17. O-O {[%emt 0:02:12]} Be6 {[%emt 0:00:22]} 18. Nc4 {[%emt 0:00:50]} Rfd8 {[%emt 0:01:03]} 19. Bd3 {[%emt 0:00:39]} Rac8 {[%emt 0:01:43]} 20. Rac1 {[%emt 0:00:35]} Bxc4 {[%emt 0:03:21]} 21. Qxc4 {[%emt 0:00:48]} b6 {[%emt 0:00:37]} 22. cxb6 {[%emt 0:01:18]} axb6 {[%emt 0:00:14]} 23. Qa6 {[%emt 0:02:52]} Qa7 {[%emt 0:00:24]} 24. Rfd1 {[%emt 0:04:18]} Qb8 {[%emt 0:01:08]} 25. g3 {[%emt 0:01:07]} Ne7 {[%emt 0:00:50]} 26. a4 {[%emt 0:01:09]} Rc3 {[%emt 0:02:02]} 27. a5 {[%emt 0:00:29]} bxa5 {[%emt 0:00:16]} 28. bxa5 {[%emt 0:00:01]} Qc7 {[%emt 0:01:26]} 29. Rb1 {[%emt 0:01:10]} Nc6 {[%emt 0:00:29]} 30. Rb6 {[%emt 0:00:45]} Rc5 {[%emt 0:00:36]} 31. Ra1 {[%emt 0:00:11]} Rd7 {[%emt 0:01:36]} 32. Rb5 {[%emt 0:01:54]} Rc3 {[%emt 0:00:25]} 33. Rd5 {[%emt 0:01:32]} Kh7 {[%emt 0:01:05]} 34. Qb5 {[%emt 0:00:22]} Rd8 {[%emt 0:00:32]} 35. Rxd8 {[%emt 0:01:31]} Qxd8 {[%emt 0:00:01]} 36. a6 {[%emt 0:00:10]} Na7 {[%emt 0:00:07]} 37. Qb1 {[%emt 0:00:36]} Qc7 {[%emt 0:00:12]} 38. Kg2 {[%emt 0:00:02]} h5 {[%emt 0:00:09]} 39. Qb7 {[%emt 0:00:04]} Qc6 {[%emt 0:01:31]} 40. Qxa7 Rxd3 {[%emt 0:00:01]} 41. Qxf7 {[%emt 0:00:23]} Qxe4+ {[%emt 0:00:02]} 42. Kg1 {[%emt 0:00:03]} Rb3 {[%emt 0:00:38]} 43. Qxb3 {[%emt 0:00:03]} 1-0

[Event "FIDE Womens World Cup 2021"]
[Site "Sochi"]
[Date "2021.07.24"]
[Round "4.4"]
[White "Stefanova, Antoaneta"]
[Black "Goryachkina, Aleksandra"]
[Result "0-1"]
[WhiteElo "2463"]
[BlackElo "2596"]
[Annotator "ChessBase"]
[PlyCount "112"]
[EventDate "2021.07.12"]
[EventType "k.o."]
[EventCountry "RUS"]
[SourceTitle "playchess.com"]
[Source "ChessBase"]
[SourceQuality "1"]
[TimeControl "1500+10"]

1. Nf3 {[%emt 0:00:02]} d5 {[%emt 0:00:02]} 2. g3 {[%emt 0:00:01]} g6 {[%emt 0:00:03]} 3. Bg2 {[%emt 0:00:49]} Bg7 {[%emt 0:00:06]} 4. O-O {[%emt 0:00:05]} Nf6 {[%emt 0:00:05]} 5. d4 {[%emt 0:01:18]} O-O {[%emt 0:00:04]} 6. c4 {[%emt 0:00:02]} c6 {[%emt 0:00:06]} 7. Qb3 {[%emt 0:00:41]} a5 {[%emt 0:00:16]} 8. Rd1 {[%emt 0:02:28]} a4 {[%emt 0:00:50]} 9. Qb4 {[%emt 0:00:15]} dxc4 {[%emt 0:00:42]} 10. Qxc4 {[%emt 0:00:12]} Qd5 {[%emt 0:00:26]} 11. Qb4 {[%emt 0:01:22]} Qd6 {[%emt 0:00:19]} 12. Qe1 {[%emt 0:00:22]} Bf5 {[%emt 0:02:50]} 13. Nc3 {[%emt 0:06:11]} Ne4 {[%emt 0:04:32]} 14. Nh4 {[%emt 0:00:03]} Nxc3 {[%emt 0:00:05]} 15. bxc3 {[%emt 0:00:17]} Be6 {[%emt 0:00:35]} 16. e4 {[%emt 0:00:11]} Bc4 {[%emt 0:01:05]} 17. f4 {[%emt 0:00:31]} f5 {[%emt 0:01:49]} 18. e5 {[%emt 0:01:10]} Qd7 {[%emt 0:00:24]} 19. Ba3 {[%emt 0:00:36]} Na6 {[%emt 0:00:20]} 20. Nf3 {[%emt 0:00:55]} Nc7 {[%emt 0:00:56]} 21. Nd2 {[%emt 0:02:51]} Bd5 {[%emt 0:00:31]} 22. Bf1 {[%emt 0:00:02]} b5 {[%emt 0:00:09]} 23. c4 {[%emt 0:00:15]} bxc4 {[%emt 0:00:23]} 24. Nxc4 {[%emt 0:00:02]} Rfb8 {[%emt 0:03:08]} 25. Bc5 {[%emt 0:00:12]} Bxc4 {[%emt 0:00:38]} 26. Bxc4+ {[%emt 0:00:03]} Nd5 {[%emt 0:00:11]} 27. Rab1 {[%emt 0:01:48]} Bf8 {[%emt 0:03:33]} 28. Rxb8 {[%emt 0:01:53]} Rxb8 {[%emt 0:00:02]} 29. Rb1 {[%emt 0:00:08]} Qd8 {[%emt 0:01:13]} 30. Rxb8 {[%emt 0:01:26]} Qxb8 {[%emt 0:00:01]} 31. Qb4 {[%emt 0:00:01]} Qxb4 {[%emt 0:02:23]} 32. Bxb4 {[%emt 0:00:02]} e6 {[%emt 0:00:03]} 33. Bxf8 {[%emt 0:00:55]} Kxf8 {[%emt 0:00:01]} 34. Kf2 {[%emt 0:00:02]} Ke7 {[%emt 0:00:12]} 35. Ke2 {[%emt 0:00:08]} Kd7 {[%emt 0:02:12]} 36. Kd3 {[%emt 0:00:27]} Ne7 {[%emt 0:00:36]} 37. Kc3 {[%emt 0:00:18]} h6 {[%emt 0:00:08]} 38. Kb4 {[%emt 0:01:44]} g5 {[%emt 0:00:03]} 39. fxg5 {[%emt 0:00:02]} hxg5 {[%emt 0:00:01]} 40. Kxa4 {[%emt 0:00:04]} c5 {[%emt 0:00:34]} 41. dxc5 {[%emt 0:00:43]} Ng6 {[%emt 0:00:00]} 42. Kb5 {[%emt 0:00:12]} Nxe5 {[%emt 0:00:02]} 43. Be2 {[%emt 0:00:13]} f4 {[%emt 0:00:04]} 44. gxf4 {[%emt 0:00:05]} gxf4 {[%emt 0:00:01]} 45. h4 {[%emt 0:00:22]} f3 {[%emt 0:00:27]} 46. Bf1 {[%emt 0:00:03]} Kc7 {[%emt 0:00:15]} 47. h5 {[%emt 0:00:12]} Ng4 {[%emt 0:00:01]} 48. a4 {[%emt 0:00:15]} e5 {[%emt 0:00:09]} 49. a5 {[%emt 0:00:56]} e4 {[%emt 0:00:01]} 50. Bh3 {[%emt 0:00:07]} e3 {[%emt 0:00:11]} 51. a6 {[%emt 0:00:14]} e2 {[%emt 0:00:09]} 52. a7 {[%emt 0:00:02]} Kb7 {[%emt 0:00:29]} 53. c6+ {[%emt 0:00:26]} Kxa7 {[%emt 0:00:01]} 54. c7 {[%emt 0:00:02]} Kb7 {[%emt 0:00:23]} 55. Bxg4 {[%emt 0:00:04]} Kxc7 {[%emt 0:00:02]} 56. Bxf3 {[%emt 0:00:04]} e1=Q {[%emt 0:00:01]} 0-1

[Event "FIDE Womens World Cup 2021"]
[Site "Sochi"]
[Date "2021.07.24"]
[Round "4.5"]
[White "Dzagnidze, Nana"]
[Black "Shuvalova, Polina"]
[Result "1-0"]
[WhiteElo "2523"]
[BlackElo "2489"]
[Annotator "ChessBase"]
[PlyCount "99"]
[EventDate "2021.07.12"]
[EventType "k.o."]
[EventCountry "RUS"]
[SourceTitle "playchess.com"]
[Source "ChessBase"]
[SourceQuality "1"]
[TimeControl "600+10"]

1. c4 {[%emt 0:00:03]} Nf6 {[%emt 0:00:03]} 2. Nf3 {[%emt 0:00:07]} e6 {[%emt 0:00:02]} 3. b3 {[%emt 0:00:12]} d5 {[%emt 0:00:13]} 4. Bb2 {[%emt 0:00:02]} c5 {[%emt 0:00:11]} 5. e3 {[%emt 0:00:02]} Nc6 {[%emt 0:00:12]} 6. cxd5 {[%emt 0:00:02]} exd5 {[%emt 0:00:02]} 7. Bb5 {[%emt 0:00:02]} Bd6 {[%emt 0:00:05]} 8. h3 {[%emt 0:00:05]} O-O {[%emt 0:00:08]} 9. O-O {[%emt 0:00:01]} Bd7 {[%emt 0:00:29]} 10. d4 {[%emt 0:00:15]} a6 {[%emt 0:00:33]} 11. Be2 {[%emt 0:01:09]} cxd4 {[%emt 0:00:28]} 12. Nxd4 {[%emt 0:00:02]} Qe7 {[%emt 0:00:08]} 13. Nxc6 {[%emt 0:01:16]} bxc6 {[%emt 0:00:02]} 14. Nd2 {[%emt 0:00:04]} c5 {[%emt 0:00:12]} 15. Rc1 {[%emt 0:00:04]} a5 {[%emt 0:00:02]} 16. Nf3 {[%emt 0:00:08]} Be6 {[%emt 0:01:16]} 17. Bb5 {[%emt 0:01:59]} Rab8 {[%emt 0:00:50]} 18. Qe2 {[%emt 0:00:05]} Ne4 {[%emt 0:00:36]} 19. Rfd1 {[%emt 0:00:03]} Rb6 {[%emt 0:00:35]} 20. a4 {[%emt 0:00:24]} f6 {[%emt 0:01:17]} 21. Bc3 {[%emt 0:02:53]} Nxc3 {[%emt 0:01:04]} 22. Rxc3 {[%emt 0:00:01]} Bf7 {[%emt 0:00:04]} 23. Qd2 {[%emt 0:00:54]} Rd8 {[%emt 0:00:30]} 24. Rd3 {[%emt 0:00:09]} Bc7 {[%emt 0:01:57]} 25. Qxa5 {[%emt 0:00:53]} Bh5 {[%emt 0:01:32]} 26. Qd2 {[%emt 0:01:55]} Rbd6 {[%emt 0:00:38]} 27. Qc3 {[%emt 0:00:09]} f5 {[%emt 0:00:22]} 28. Kf1 {[%emt 0:00:15]} Bxf3 {[%emt 0:00:25]} 29. gxf3 {[%emt 0:00:02]} Kh8 {[%emt 0:00:20]} 30. Qxc5 {[%emt 0:00:15]} Bb6 {[%emt 0:00:04]} 31. Qb4 {[%emt 0:00:02]} d4 {[%emt 0:00:15]} 32. a5 {[%emt 0:00:49]} Ba7 {[%emt 0:00:01]} 33. Rxd4 {[%emt 0:00:14]} Bxd4 {[%emt 0:00:26]} 34. Rxd4 {[%emt 0:00:01]} Qc7 {[%emt 0:00:09]} 35. Rxd6 {[%emt 0:00:06]} Rxd6 {[%emt 0:00:02]} 36. Bc4 {[%emt 0:00:10]} f4 {[%emt 0:00:31]} 37. e4 {[%emt 0:00:51]} Rd1+ {[%emt 0:00:08]} 38. Ke2 {[%emt 0:00:03]} Rd8 {[%emt 0:00:05]} 39. a6 {[%emt 0:00:10]} Qe5 {[%emt 0:00:23]} 40. Qb6 {[%emt 0:00:27]} Rf8 {[%emt 0:00:12]} 41. Qb4 {[%emt 0:00:15]} Rd8 {[%emt 0:00:10]} 42. Qb6 {[%emt 0:00:07]} Rf8 {[%emt 0:00:02]} 43. a7 {[%emt 0:00:06]} h6 {[%emt 0:00:22]} 44. Bd5 {[%emt 0:00:05]} Qb2+ {[%emt 0:00:10]} 45. Kf1 {[%emt 0:00:07]} Qa1+ {[%emt 0:00:10]} 46. Kg2 {[%emt 0:00:01]} Kh7 {[%emt 0:00:05]} 47. a8=Q {[%emt 0:00:10]} Rxa8 {[%emt 0:00:03]} 48. Bxa8 {[%emt 0:00:01]} Qxa8 {[%emt 0:00:02]} 49. b4 {[%emt 0:00:23]} h5 {[%emt 0:00:24]} 50. b5 {[%emt 0:00:04]} 1-0